01619nam a2200397Ia 4500001001200000003000800012006001900020007001500039008004100054010001700095020003100112040002100143035002100164050002200185082001600207100002500223245012500248260004400373300001700417500002000434533015200454650004500606650002800651650004900679650005000728650004000778651005500818651005100873651005200924655002900976700002101005710001701026730003501043856012601078999001701204ebr10330717CaPaEBRm u cr cn|||||||||090817s2009 ilu s 001 0 eng d z 2009033634 z9781931859998 (alk. paper) aCaPaEBRcCaPaEBR a(OCoLC)53915667014aE902b.G64 2009eb04a973.9312221 aGoodman, Amy,d1957-10aBreaking the sound barrierh[electronic resource] /cAmy Goodman ; edited by Denis Moynihan ; [foreword by Bill Moyers]. aChicago, IL :bHaymarket Books,cc2009. axiii, 381 p. aIncludes index. aElectronic reproduction.bPalo Alto, Calif. :cebrary,d2011.nAvailable via World Wide Web.nAccess may be limited to ebrary affiliated libraries. 0aWar on Terrorism, 2001-2009xAtrocities. 0aTorturezUnited States. 0aElectionsxCorrupt practiceszUnited States. 0aMass mediaxPolitical aspectszUnited States. 0aPolitical activistszUnited States. 0aUnited StatesxPolitics and governmenty2001-2009. 0aUnited StatesxEconomic conditionsy2001-2009. 0aUnited StatesxSocial conditionsy21st century. 7aElectronic books.2local1 aMoynihan, Denis.2 aebrary, Inc.0 aDemocracy now! (Radio program)40uhttp://site.ebrary.com/lib/rucke/Doc?id=10330717zAn electronic book accessible through the World Wide Web; click to view c67442d67442